Statistics for Baking Tools, Utensils and Equipment

Click here to take the quiz!

General Stats

  • This quiz has been taken 350 times
  • The average score is 5 of 15

Answer Stats

HintAnswer% Correct
Used in beating egg whites or cream by the use of handWhisk
77%
Used in measuring small amounts of ingredientsMeasuring Spoons
60%
Used in measuring large amounts of dry ingredientsMeasuring Cups
57%
The workhorses of the bakeshop and are essential in produing the bakery products. An enclosed space in which food is heated, usually by hot air or dry heatOven
53%
It is a cylindrical food preparation ool used to shape and flatten doughRolling Pin
48%
It is used in timing baked products, the rising of yeast and to check the doneness of the cakes.Timer
43%
A small wire mesh bowl with handle which is used to drain liquid from solid food or to remove solid bits from a liquidStrainer
42%
A flat, metallic sheet used in baking cookies, breads and biscuit.Sheet Pan
38%
It comes in graduated sizes and has sloping sides , used for mixing ingredients.Mixing Bowl
26%
Pan used in baking pies designed with relatively deep pan with sloped sides to hold huge amount of fillingsPie Pan
21%
It is deeper than round pan and it has a hallow center which is removable.Bundt Pan
19%
It is used in scraping or removing bits of food or batter from the sides of the bowlRubber Spatula
16%
Pan which is designed for round shaped cakes or pastriesRound Pan
15%
A mixing tool which is used in creaming. This is more preferred to use because it does not react with ingredients.Wooden Spoon
12%
Used in measuring large amount of liquid ingredientsMeasuring Pitcher
4%

Score Distribution

Percentile by Number Answered

Percent of People with Each Score

Your Score History

You have not taken this quiz